[Event "26. Torneo Collado Villalba B"]
[Site "Collado Villalba ESP"]
[Date "2009.08.25"]
[Round "5.2"]
[White "Tolosana Esteban, Enrique"]
[Black "Avendano Mateos, Jose"]
[Result "1/2-1/2"]
[WhiteElo "1861"]
[BlackElo "1925"]
[PlyCount "68"]
[EventDate "2009.08.21"]
[EventType "swiss"]
[EventRounds "9"]
[EventCountry "ESP"]
[Source "lmi"]
[SourceDate "2009.08.21"]

1. c4 Nf6 2. Nc3 c6 3. e4 e5 4. Nf3 Qc7 5. d4 d6 6. d5 c5 7. Bg5 h6 8. Bxf6
gxf6 9. Nh4 a6 10. Be2 Rg8 11. h3 Qa5 12. Bg4 Bxg4 13. hxg4 b5 14. f3 Nd7 15.
cxb5 axb5 16. Qb3 b4 17. Nb1 Nb6 18. Nd2 Rc8 19. Rc1 Qa6 20. Nc4 Nxc4 21. Rxc4
Ra8 22. a3 bxa3 23. bxa3 Be7 24. Nf5 Kd7 25. a4 Rgb8 26. Qc2 Rb4 27. Rxb4 Qa5
28. O-O cxb4 29. Qc6+ Kd8 30. Nxd6 Bxd6 31. Qxd6+ Ke8 32. Rc1 b3 33. Rc7 Qe1+
34. Kh2 Qh4+ 1/2-1/2

[Event "26. Torneo Collado Villalba B"]
[Site "Collado Villalba ESP"]
[Date "2009.08.25"]
[Round "5.3"]
[White "Morona Minguez, Irene"]
[Black "Piriz Fernandez, Daniel"]
[Result "1/2-1/2"]
[WhiteElo "1813"]
[BlackElo "1793"]
[PlyCount "86"]
[EventDate "2009.08.21"]
[EventType "swiss"]
[EventRounds "9"]
[EventCountry "ESP"]
[Source "lmi"]
[SourceDate "2009.08.21"]

1. e4 e6 2. d3 c5 3. g3 Nc6 4. Bg2 g6 5. Nf3 Bg7 6. Nbd2 d6 7. O-O Nge7 8. Re1
O-O 9. c3 e5 10. Nf1 h6 11. Be3 f5 12. exf5 Nxf5 13. Bd2 Rb8 14. Ne3 Kh7 15. h4
Nxe3 16. Bxe3 Bg4 17. Ng5+ Qxg5 18. hxg5 Bxd1 19. Raxd1 Ne7 20. gxh6 Bf6 21. g4
g5 22. d4 cxd4 23. cxd4 Kxh6 24. dxe5 dxe5 25. Rd7 Ng6 26. Bxa7 Rfd8 27. Red1
Rxd7 28. Rxd7 Rc8 29. Rxb7 Rc1+ 30. Kh2 Rc4 31. Rf7 Bd8 32. Rd7 Bf6 33. Rd6 Kg7
34. Rd7+ Kh6 35. Rd6 Kg7 36. Bf3 e4 37. Rd7+ Kh6 38. Bd1 Bxb2 39. a4 Ne5 40.
Rd8 Bc1 41. a5 Bf4+ 42. Kg2 Nc6 43. Rd7 Nxa5 1/2-1/2

[Event "26. Torneo Collado Villalba B"]
[Site "Collado Villalba ESP"]
[Date "2009.08.25"]
[Round "5.4"]
[White "Monmeneu Chulia, Vicente Juan"]
[Black "Tarin Casado, Francisco"]
[Result "0-1"]
[WhiteElo "1999"]
[BlackElo "1863"]
[PlyCount "148"]
[EventDate "2009.08.21"]
[EventType "swiss"]
[EventRounds "9"]
[EventCountry "ESP"]
[Source "lmi"]
[SourceDate "2009.08.21"]

1. d4 c6 2. c4 d5 3. e3 Nf6 4. Nf3 e6 5. Nbd2 Nbd7 6. Bd3 Bd6 7. O-O O-O 8. e4
dxe4 9. Nxe4 Nxe4 10. Bxe4 Qc7 11. Re1 b6 12. Ne5 Bb7 13. Nxd7 Qxd7 14. Qh5 f5
15. Bc2 c5 16. dxc5 Bxc5 17. Be3 Qc6 18. Qf3 Qxf3 19. gxf3 Bb4 20. Red1 Bxf3
21. Rd7 Rf6 22. Bd4 Rg6+ 23. Kf1 Bc6 24. Rc7 Bg2+ 25. Ke2 Bd6 26. Rd7 Bxh2 27.
f3 e5 28. Bxf5 exd4 29. Bxg6 hxg6 30. Kf2 Bh3 31. Rxd4 Be5 32. Rd2 Bf6 33. Rad1
Re8 34. Kg3 Bf5 35. b4 Re3 36. c5 bxc5 37. bxc5 Rc3 38. Rd5 Be6 39. R5d3 Rxc5
40. Ra3 a5 41. Rd2 Be7 42. Re3 Kf7 43. Re4 Bf6 44. Ra4 Ke7 45. Re4 Kf7 46. Ra4
Be5+ 47. Kg2 Bc3 48. Rc2 Rg5+ 49. Kf2 Bb4 50. Rc7+ Kg8 51. Ke3 Bd5 52. f4 Rg3+
53. Kd4 Bf3 54. Rc1 Be2 55. a3 Rd3+ 56. Ke4 Bd2 57. Rc8+ Kf7 58. Rc7+ Kf8 59.
Rc8+ Kf7 60. Rc7+ Kg8 61. Rc8+ Kh7 62. Ke5 Bg4 63. Rb8 Rd7 64. Re8 Rf7 65. Ra8
Rf5+ 66. Kd6 Bxf4+ 67. Ke7 Bg5+ 68. Kd6 Rf6+ 69. Ke5 Re6+ 70. Kd5 Bf5 71. R8xa5
Re8 72. Rd4 Bf6 73. Rda4 Bc3 74. Kc6 Bxa5 0-1

[Event "26. Torneo Collado Villalba B"]
[Site "Collado Villalba ESP"]
[Date "2009.08.25"]
[Round "5.5"]
[White "Corbinos Cuartero, Manuel A"]
[Black "Cano Cabanillas, Javier"]
[Result "0-1"]
[WhiteElo "1864"]
[BlackElo "1968"]
[PlyCount "84"]
[EventDate "2009.08.21"]
[EventType "swiss"]
[EventRounds "9"]
[EventCountry "ESP"]
[Source "lmi"]
[SourceDate "2009.08.21"]

1. d4 Nf6 2. c4 e5 3. dxe5 Ng4 4. Nf3 Nc6 5. e3 Ngxe5 6. Nbd2 Be7 7. Be2 O-O 8.
O-O d6 9. a3 f5 10. Nb3 Bf6 11. Nbd4 Qe8 12. Qc2 Kh8 13. Bd2 Bd7 14. Rad1 Qg6
15. Bc3 Rae8 16. Nb5 Rc8 17. Nxe5 Bxe5 18. Bf3 a6 19. Nd4 Bxd4 20. Bxd4 Qg5 21.
g3 Nxd4 22. Rxd4 b6 23. b4 Rf6 24. c5 bxc5 25. bxc5 Bb5 26. Rfd1 f4 27. exf4
Qxc5 28. Qb3 Re8 29. a4 Qxd4 30. axb5 Qb6 31. Bc6 Rb8 32. Qc2 axb5 33. Rb1 b4
34. Rb3 Qc5 35. Qe4 d5 36. Bxd5 Rd6 37. Re3 Qxd5 38. Qe7 Rd7 39. Qh4 b3 40. Qh5
Qd1+ 41. Qxd1 Rxd1+ 42. Kg2 b2 0-1

[Event "26. Torneo Collado Villalba B"]
[Site "Collado Villalba ESP"]
[Date "2009.08.25"]
[Round "5.7"]
[White "Montero Garcia, Fco  Javier"]
[Black "Lopez Garralon, Miguel"]
[Result "1-0"]
[WhiteElo "1912"]
[BlackElo "1796"]
[PlyCount "97"]
[EventDate "2009.08.21"]
[EventType "swiss"]
[EventRounds "9"]
[EventCountry "ESP"]
[Source "lmi"]
[SourceDate "2009.08.21"]

1. e4 e6 2. d3 d5 3. Nd2 c5 4. Ngf3 Nc6 5. g3 Bd6 6. Bg2 Nge7 7. O-O O-O 8. Re1
f6 9. c3 Rb8 10. a3 b5 11. Nf1 a5 12. exd5 exd5 13. d4 c4 14. Ne3 b4 15. axb4
axb4 16. Nh4 Bc7 17. Qf3 Rb5 18. Nhf5 Nxf5 19. Nxf5 Bxf5 20. Qxf5 Kh8 21. Qe6
Qd6 22. Qxd6 Bxd6 23. Ra6 bxc3 24. Rxc6 cxb2 25. Bxb2 Rxb2 26. Rxd6 c3 27. Rc6
Rd2 28. Rxc3 Rxd4 29. Rc5 Rd2 30. Rxd5 Rxd5 31. Bxd5 h6 32. Bb3 Rb8 33. Ba4 Kh7
34. Bc2+ Kg8 35. Re7 Kf8 36. Ra7 Rb4 37. Bg6 Rb8 38. Kg2 Rd8 39. Kh3 Rb8 40.
Kg4 Rb4+ 41. f4 Rb8 42. Be4 Rb5 43. f5 Re5 44. Bb1 Rb5 45. Ba2 Rb2 46. h3 Rh2
47. Be6 h5+ 48. Kh4 g5+ 49. fxg6 1-0

[Event "26. Torneo Collado Villalba B"]
[Site "Collado Villalba ESP"]
[Date "2009.08.25"]
[Round "5.8"]
[White "Madurga Lopez, Ignacio"]
[Black "Soler Polo, Diego"]
[Result "1/2-1/2"]
[WhiteElo "1816"]
[BlackElo "1895"]
[PlyCount "40"]
[EventDate "2009.08.21"]
[EventType "swiss"]
[EventRounds "9"]
[EventCountry "ESP"]
[Source "lmi"]
[SourceDate "2009.08.21"]

1. e4 c6 2. d4 d5 3. Nc3 dxe4 4. Nxe4 Bf5 5. Ng3 Bg6 6. Bc4 Nd7 7. N1e2 e5 8.
f4 Nb6 9. Bb3 exf4 10. Nxf4 Bb4+ 11. c3 Qe7+ 12. Kf2 O-O-O 13. cxb4 Qxb4 14.
Be3 Nf6 15. Rc1 h5 16. Re1 h4 17. Nge2 Ng4+ 18. Kf3 Nxh2+ 19. Kf2 Ng4+ 20. Kf3
Nh2+ 1/2-1/2

[Event "26. Torneo Collado Villalba B"]
[Site "Collado Villalba ESP"]
[Date "2009.08.25"]
[Round "5.9"]
[White "Sebastian Enesco, Alex"]
[Black "Leniz Martinez, Francisco"]
[Result "1/2-1/2"]
[WhiteElo "1752"]
[BlackElo "1883"]
[PlyCount "63"]
[EventDate "2009.08.21"]
[EventType "swiss"]
[EventRounds "9"]
[EventCountry "ESP"]
[Source "lmi"]
[SourceDate "2009.08.21"]

1. e4 c5 2. c3 g6 3. d4 cxd4 4. cxd4 Bg7 5. Nf3 a6 6. a4 d6 7. Qb3 Nf6 8. Bc4
O-O 9. Nc3 Nc6 10. Be2 Bg4 11. Be3 Rb8 12. h3 Bxf3 13. Bxf3 e6 14. Rd1 Qa5 15.
O-O e5 16. d5 Nd4 17. Bxd4 exd4 18. Ne2 Nd7 19. Nxd4 Nc5 20. Qa3 Qxa4 21. Qxa4
Nxa4 22. Rd2 Nxb2 23. Rxb2 Bxd4 24. Rc2 Rfc8 25. Rfc1 Rxc2 26. Rxc2 Bb6 27. Bg4
Kf8 28. Kf1 Ke7 29. f4 h5 30. Rc8 Rxc8 31. Bxc8 Be3 32. Bxb7 1/2-1/2

[Event "26. Torneo Collado Villalba B"]
[Site "Collado Villalba ESP"]
[Date "2009.08.25"]
[Round "5.11"]
[White "Fernandez Garcia, Javier"]
[Black "Corisco Beltran, Rafael"]
[Result "1-0"]
[WhiteElo "1923"]
[BlackElo "1775"]
[PlyCount "81"]
[EventDate "2009.08.21"]
[EventType "swiss"]
[EventRounds "9"]
[EventCountry "ESP"]
[Source "lmi"]
[SourceDate "2009.08.21"]

1. d4 c5 2. e3 d5 3. Nf3 Bf5 4. c3 Nf6 5. Nbd2 e6 6. Qa4+ Nc6 7. Ne5 Rc8 8. Bb5
Qb6 9. g4 Nxg4 10. Nxg4 Bxg4 11. dxc5 Bxc5 12. Bxc6+ Qxc6 13. Qxg4 d4 14. Qf3
dxe3 15. fxe3 Bxe3 16. Rf1 Qxf3 17. Nxf3 Bxc1 18. Rxc1 Ke7 19. Ke2 Rhd8 20.
Rcd1 f6 21. Nd4 g6 22. Rfe1 e5 23. Kf2 a6 24. Nb3 b6 25. Nd4 Kf7 26. Nf3 Ke7
27. Nd2 Rd3 28. Ke2 Rdd8 29. c4 f5 30. b3 Kf6 31. Nb1 f4 32. Nc3 Ke6 33. Ne4 h6
34. h4 Rxd1 35. Rxd1 Rc6 36. Kf3 Ke7 37. Rd5 Ke6 38. Rd8 a5 39. Rh8 h5 40. Re8+
Kf7 41. Rxe5 1-0

[Event "26. Torneo Collado Villalba B"]
[Site "Collado Villalba ESP"]
[Date "2009.08.25"]
[Round "5.12"]
[White "Martinez Sanz, Matias"]
[Black "Greciano Reiskila, Miguel C"]
[Result "0-1"]
[WhiteElo "1700"]
[BlackElo "1964"]
[PlyCount "90"]
[EventDate "2009.08.21"]
[EventType "swiss"]
[EventRounds "9"]
[EventCountry "ESP"]
[Source "lmi"]
[SourceDate "2009.08.21"]

1. f4 c5 2. Nf3 Nc6 3. e3 d5 4. Bb5 Bd7 5. Bxc6 Bxc6 6. b3 Nf6 7. Bb2 e6 8. O-O
Be7 9. d3 O-O 10. Nbd2 Ng4 11. Qe1 Bf6 12. Ne5 Bxe5 13. fxe5 d4 14. exd4 cxd4
15. Ne4 Ne3 16. Rf3 Bxe4 17. Rxe3 dxe3 18. dxe4 Qb6 19. Ba3 Rfd8 20. Bd6 Qd4
21. Rd1 Qxe4 22. Qe2 b5 23. c3 f6 24. Rd4 Qf5 25. Qxe3 fxe5 26. Bxe5 Rxd4 27.
Bxd4 Qb1+ 28. Kf2 Rf8+ 29. Kg3 Qg6+ 30. Kh3 h5 31. Qg3 Qxg3+ 32. Kxg3 a6 33.
Kh4 g6 34. Kg5 Kh7 35. g4 Rf3 36. gxh5 gxh5 37. Kxh5 e5 38. Kg4 exd4 39. Kxf3
dxc3 40. Ke2 b4 41. Kd3 a5 42. a3 Kh6 43. a4 Kh5 44. h4 Kxh4 45. Kc2 Kg3 0-1

[Event "26. Torneo Collado Villalba B"]
[Site "Collado Villalba ESP"]
[Date "2009.08.25"]
[Round "5.13"]
[White "Garcia Serrano, Jose M"]
[Black "Sierra Soria, Maria"]
[Result "1-0"]
[WhiteElo "1908"]
[BlackElo "1776"]
[PlyCount "61"]
[EventDate "2009.08.21"]
[EventType "swiss"]
[EventRounds "9"]
[EventCountry "ESP"]
[Source "lmi"]
[SourceDate "2009.08.21"]

1. e4 e5 2. f4 exf4 3. Nf3 d5 4. exd5 Nf6 5. Nc3 Nxd5 6. Be2 Be6 7. O-O Bd6 8.
Nxd5 Bxd5 9. c4 Be6 10. d4 Nd7 11. c5 Be7 12. Bxf4 O-O 13. Kh1 Nf6 14. Qc2 Nd5
15. Bd2 Bf6 16. Rad1 Ne7 17. b3 h6 18. Bc4 Bf5 19. Qc1 a6 20. b4 b5 21. Bb3 Bg4
22. Bxh6 gxh6 23. Qxh6 Bg7 24. Qg5 Be6 25. d5 Bd7 26. Nh4 Nc8 27. Qh5 Bf6 28.
Nf5 Bxf5 29. Rxf5 Bg7 30. d6 cxd6 31. Bxf7+ 1-0

[Event "26. Torneo Collado Villalba B"]
[Site "Collado Villalba ESP"]
[Date "2009.08.25"]
[Round "5.14"]
[White "Aguado Garcia, Pablo"]
[Black "Perez Alvarez, Javier"]
[Result "0-1"]
[WhiteElo "1884"]
[BlackElo "1736"]
[PlyCount "116"]
[EventDate "2009.08.21"]
[EventType "swiss"]
[EventRounds "9"]
[EventCountry "ESP"]
[Source "lmi"]
[SourceDate "2009.08.21"]

1. e4 e6 2. d4 d5 3. exd5 exd5 4. Bd3 Bd6 5. Nf3 h6 6. O-O Qf6 7. Ne5 Ne7 8. f4
Bf5 9. b3 O-O 10. Bb2 Bxd3 11. Qxd3 c6 12. Nd2 Qf5 13. Qxf5 Nxf5 14. Rae1 Ne7
15. Ndf3 f6 16. Nd3 Nd7 17. Re6 Nc8 18. Nh4 Kf7 19. f5 Rd8 20. Rfe1 Nf8 21.
R6e2 Rd7 22. Bc1 Re7 23. Bf4 Rxe2 24. Rxe2 Bxf4 25. Nxf4 Nd6 26. g4 Re8 27.
Rxe8 Kxe8 28. Nh5 Kf7 29. Ng3 g6 30. fxg6+ Nxg6 31. Ngf5 Nxf5 32. Nxf5 Ne7 33.
Nd6+ Kg6 34. Nxb7 Kg5 35. h3 Kf4 36. Kf2 f5 37. gxf5 Nxf5 38. c3 Ke4 39. Na5
Ne7 40. Ke2 Kf4 41. a4 Kg3 42. c4 Kxh3 43. cxd5 cxd5 44. Kf3 h5 45. b4 h4 46.
b5 Kh2 47. Kf2 Kh3 48. Nc6 Nc8 49. Nxa7 Nxa7 50. b6 Nc6 51. b7 Nb8 52. Kf3 Kh2
53. Kf2 h3 54. a5 Na6 55. Kf1 Kg3 56. Kg1 Kf3 57. Kh2 Ke3 58. Kxh3 Kxd4 0-1

[Event "26. Torneo Collado Villalba B"]
[Site "Collado Villalba ESP"]
[Date "2009.08.25"]
[Round "5.15"]
[White "Alvarez Escudero, Manuel"]
[Black "Gonzalez Del Valls, Javier"]
[Result "1/2-1/2"]
[WhiteElo "1876"]
[BlackElo "1731"]
[PlyCount "66"]
[EventDate "2009.08.21"]
[EventType "swiss"]
[EventRounds "9"]
[EventCountry "ESP"]
[Source "lmi"]
[SourceDate "2009.08.21"]

1. e4 c5 2. Nf3 d6 3. Bc4 Nf6 4. e5 dxe5 5. Nxe5 e6 6. O-O Be7 7. d3 Nbd7 8.
Bf4 O-O 9. Nc3 a6 10. a3 Nxe5 11. Bxe5 b5 12. Bb3 Bb7 13. Qe2 Bd6 14. Rad1 Rc8
15. Rfe1 h6 16. f3 Bxe5 17. Qxe5 Qb6 18. Kh1 Rfd8 19. h3 Qd6 20. Qxd6 Rxd6 21.
Re5 Kf8 22. Rde1 Nd7 23. R5e2 Nf6 24. Kg1 Kg8 25. Kf2 Kh7 26. Ne4 Nxe4+ 27.
fxe4 Kg6 28. Ke3 Rcd8 29. Ba2 Kf6 30. Bb1 Rd4 31. c3 R4d7 32. Rf2+ Ke7 33. Ref1
f6 1/2-1/2

[Event "26. Torneo Collado Villalba B"]
[Site "Collado Villalba ESP"]
[Date "2009.08.25"]
[Round "5.16"]
[White "Parreno Cueto, Andres"]
[Black "Alvarez Serrano, Carlos"]
[Result "0-1"]
[WhiteElo "1829"]
[BlackElo "1715"]
[PlyCount "90"]
[EventDate "2009.08.21"]
[EventType "swiss"]
[EventRounds "9"]
[EventCountry "ESP"]
[Source "lmi"]
[SourceDate "2009.08.21"]

1. d4 Nf6 2. c4 e6 3. Nf3 d5 4. Nc3 c6 5. a4 Bb4 6. e3 Ne4 7. Qc2 Nd7 8. Bd3
Ndf6 9. O-O Bxc3 10. bxc3 Qa5 11. Nd2 Qxc3 12. Nxe4 Nxe4 13. Bxe4 Qxa1 14. cxd5
cxd5 15. Bd3 Bd7 16. Bb5 Bxb5 17. axb5 Qa5 18. Qc5 Qb6 19. Ba3 Qxc5 20. dxc5
Kd7 21. Rc1 Rhc8 22. f4 f5 23. Bb2 g6 24. Bd4 a6 25. b6 a5 26. Kf2 Ra6 27. Rg1
a4 28. g4 a3 29. gxf5 exf5 30. h4 a2 31. Ke2 Rxc5 32. Bxc5 a1=Q 33. Rxa1 Rxa1
34. Kf3 h5 35. Kg3 Kc6 36. Bd4 Rb1 37. Kf3 Rxb6 38. Bxb6 Kxb6 39. Ke2 Kc5 40.
Kd3 b5 41. Kc3 b4+ 42. Kd3 Kb5 43. Kc2 Kc4 44. Kb2 b3 45. Kb1 Kd3 0-1

[Event "26. Torneo Collado Villalba B"]
[Site "Collado Villalba ESP"]
[Date "2009.08.25"]
[Round "5.17"]
[White "Calderon Diestro, Maria Victoria"]
[Black "Rubio Campos, Juan"]
[Result "1-0"]
[WhiteElo "1818"]
[BlackElo "1676"]
[PlyCount "44"]
[EventDate "2009.08.21"]
[EventType "swiss"]
[EventRounds "9"]
[EventCountry "ESP"]
[Source "lmi"]
[SourceDate "2009.08.21"]

1. e4 e5 2. Nf3 Nf6 3. d3 Nc6 4. c3 d5 5. Nbd2 Bg4 6. h3 Bh5 7. Be2 dxe4 8.
dxe4 Bd6 9. Qc2 Qe7 10. Nc4 Bg6 11. Bd3 h6 12. Ne3 Rd8 13. Nh4 Qd7 14. O-O Ne7
15. Nxg6 Nxg6 16. Nf5 O-O 17. Qe2 Ne7 18. Ng3 Rc8 19. Qf3 Nh7 20. Bc4 Ng6 21.
Nf5 Nf4 22. Qg4 Ng6 1-0

[Event "26. Torneo Collado Villalba B"]
[Site "Collado Villalba ESP"]
[Date "2009.08.25"]
[Round "5.19"]
[White "Benito Alba, Eladio"]
[Black "Fernandez-Gallardo Romero, Alvaro"]
[Result "1/2-1/2"]
[WhiteElo "1807"]
[BlackElo "1640"]
[PlyCount "45"]
[EventDate "2009.08.21"]
[EventType "swiss"]
[EventRounds "9"]
[EventCountry "ESP"]
[Source "lmi"]
[SourceDate "2009.08.21"]

1. d4 d5 2. c4 c6 3. Nc3 Nf6 4. Nf3 dxc4 5. a4 Bf5 6. e3 e6 7. Bxc4 Bb4 8. O-O
Nbd7 9. Qe2 Bg6 10. Bd2 O-O 11. Ne4 Bxd2 12. Nexd2 Nb6 13. Bd3 Bxd3 14. Qxd3
Rc8 15. Qb3 Qe7 16. Rac1 c5 17. Qa3 Nbd7 18. Nc4 Rfe8 19. Nce5 Kf8 20. Nxd7+
Nxd7 21. dxc5 Rxc5 22. b4 Rcc8 23. Qb2 1/2-1/2

[Event "26. Torneo Collado Villalba B"]
[Site "Collado Villalba ESP"]
[Date "2009.08.25"]
[Round "5.20"]
[White "Marco Catala, Juan Bautista"]
[Black "Andres Cavero, Mariano"]
[Result "1-0"]
[WhiteElo "1898"]
[BlackElo "1581"]
[PlyCount "39"]
[EventDate "2009.08.21"]
[EventType "swiss"]
[EventRounds "9"]
[EventCountry "ESP"]
[Source "lmi"]
[SourceDate "2009.08.21"]

1. c4 e6 2. Nc3 Nf6 3. e4 Bb4 4. e5 Bxc3 5. bxc3 Ng8 6. d4 d6 7. Qg4 g6 8. Nf3
Nc6 9. Be2 f6 10. Qg3 dxe5 11. dxe5 Nxe5 12. Nxe5 fxe5 13. Bg5 Nf6 14. Rd1 Qe7
15. Qxe5 Rf8 16. O-O c6 17. Rd4 Qg7 18. Rfd1 Rf7 19. Rd8+ Ke7 20. Qd6# 1-0

[Event "26. Torneo Collado Villalba B"]
[Site "Collado Villalba ESP"]
[Date "2009.08.25"]
[Round "5.21"]
[White "Sierra Bermejo, Gregorio"]
[Black "Juberias Guillen, Paloma"]
[Result "0-1"]
[WhiteElo "1763"]
[BlackElo "1556"]
[PlyCount "76"]
[EventDate "2009.08.21"]
[EventType "swiss"]
[EventRounds "9"]
[EventCountry "ESP"]
[Source "lmi"]
[SourceDate "2009.08.21"]

1. c4 e6 2. Nf3 d5 3. e3 c6 4. b3 Nf6 5. Bb2 Nbd7 6. Qc2 Bd6 7. Bd3 Nc5 8. Be2
O-O 9. h4 Re8 10. Ng5 h6 11. Bxf6 Qxf6 12. d4 hxg5 13. hxg5 Qxg5 14. dxc5 Bxc5
15. Kf1 Qf6 16. Nc3 Bxe3 17. Bf3 Bd4 18. cxd5 Bxc3 19. Qh7+ Kf8 20. d6 g6 21.
Rd1 Rd8 22. Qh6+ Qg7 23. Qg5 f6 24. Qc5 f5 25. d7+ Kg8 26. dxc8=Q Raxc8 27. Rc1
Bd4 28. Qc4 Qf7 29. g3 b5 30. Qe2 Qe8 31. Re1 e5 32. Qc2 e4 33. Be2 Qe5 34. b4
Bc3 35. Rb1 Rd2 36. Qc1 Rcd8 37. Rb3 Bb2 38. Qb1 R8d6 0-1

[Event "26. Torneo Collado Villalba B"]
[Site "Collado Villalba ESP"]
[Date "2009.08.25"]
[Round "5.22"]
[White "Vaquerizo Calvo, Miguel A"]
[Black "Duenas Delgado, Maximiliano"]
[Result "1-0"]
[WhiteElo "1713"]
[BlackElo "1528"]
[PlyCount "65"]
[EventDate "2009.08.21"]
[EventType "swiss"]
[EventRounds "9"]
[EventCountry "ESP"]
[Source "lmi"]
[SourceDate "2009.08.21"]

1. e4 g6 2. d4 a6 3. Nc3 Bg7 4. Nf3 d6 5. h3 Nc6 6. Be3 Nf6 7. Be2 d5 8. exd5
Nxd5 9. Nxd5 Qxd5 10. O-O O-O 11. c4 Qd8 12. Qd2 e6 13. Rfd1 Qe8 14. Bh6 Ne7
15. Bxg7 Kxg7 16. Rac1 b6 17. Ne5 Bb7 18. Ng4 f5 19. Ne5 Rd8 20. Bf3 Ba8 21.
Bxa8 Rxa8 22. Qe3 Nc6 23. Nxc6 Qxc6 24. Qe5+ Kg8 25. d5 exd5 26. cxd5 Qe8 27.
Qxc7 b5 28. d6 Qd8 29. Qb7 Qb8 30. Qd5+ Kh8 31. Qe5+ Kg8 32. Rc7 Ra7 33. Qg7#
1-0

[Event "26. Torneo Collado Villalba B"]
[Site "Collado Villalba ESP"]
[Date "2009.08.26"]
[Round "6.1"]
[White "Tolosana Esteban, Enrique"]
[Black "Rodriguez Ballespin, Daniel"]
[Result "0-1"]
[WhiteElo "1861"]
[BlackElo "1937"]
[PlyCount "152"]
[EventDate "2009.08.21"]
[EventType "swiss"]
[EventRounds "9"]
[EventCountry "ESP"]
[Source "lmi"]
[SourceDate "2009.08.21"]

1. e4 c6 2. d4 d5 3. e5 Bf5 4. Nc3 e6 5. Nf3 Nd7 6. Bd3 Bxd3 7. Qxd3 a6 8. O-O
c5 9. Ne2 Ne7 10. Bg5 Qc7 11. Bxe7 Bxe7 12. c3 c4 13. Qd2 b5 14. a3 a5 15. Ng3
a4 16. h4 h6 17. Qf4 Nb6 18. Nh5 Bf8 19. Qg4 O-O-O 20. Nd2 g6 21. Nf4 h5 22.
Qe2 Bh6 23. Nh3 Qe7 24. Nf3 Kb7 25. Nfg5 Bxg5 26. hxg5 Na8 27. f4 Nc7 28. Kf2
Ne8 29. Rh1 Ng7 30. Rh2 Nf5 31. g3 Rh7 32. Rah1 h4 33. gxh4 Rxh4 34. Kf3 Rdh8
35. Ng1 Rxh2 36. Rxh2 Qf8 37. Qf2 Qg7 38. Ke2 Rh7 39. Nf3 Qh8 40. Rxh7 Qxh7 41.
Qh2 Qxh2+ 42. Nxh2 Kc7 43. Ng4 Kd7 44. Nh6 Ke7 45. Ng8+ Kd8 46. Nf6 Nh4 47. Kf2
Nf5 48. Ng4 Ke7 49. Nh2 Kd7 50. Nf3 Kc6 51. Nd2 Kd7 52. Nf3 Ke7 53. Ne1 Kd7 54.
Nc2 Kc7 55. Nb4 Kb6 56. Kf3 Nh4+ 57. Kg4 Nf5 58. Kf3 Nh4+ 59. Kf2 Nf5 60. Ke2
Ng3+ 61. Kd2 Nf1+ 62. Ke1 Ne3 63. Kf2 Nd1+ 64. Ke2 Nxb2 65. Nxd5+ exd5 66. f5
Kc7 67. e6 Kd6 68. exf7 Ke7 69. fxg6 Kf8 70. Ke3 Nd1+ 71. Kf4 Nxc3 72. Ke5 Ke7
73. Kf5 Ne4 74. Ke5 c3 75. Kxd5 c2 76. Kxe4 c1=Q 0-1

[Event "26. Torneo Collado Villalba B"]
[Site "Collado Villalba ESP"]
[Date "2009.08.26"]
[Round "6.2"]
[White "Cano Cabanillas, Javier"]
[Black "Valderrama Arroyo, Victor"]
[Result "1-0"]
[WhiteElo "1968"]
[BlackElo "1882"]
[PlyCount "59"]
[EventDate "2009.08.21"]
[EventType "swiss"]
[EventRounds "9"]
[EventCountry "ESP"]
[Source "lmi"]
[SourceDate "2009.08.21"]

1. e4 c5 2. c3 e5 3. Nf3 Nc6 4. Bb5 d6 5. d4 Qb6 6. Bxc6+ Qxc6 7. O-O Bg4 8.
dxe5 Bxf3 9. Qxf3 dxe5 10. Nd2 Nf6 11. Nc4 Qe6 12. b3 Rd8 13. Bg5 Be7 14. Bxf6
Bxf6 15. Ne3 O-O 16. Nd5 b5 17. Qe2 a6 18. a4 b4 19. c4 a5 20. Rad1 Bg5 21. Rd3
Rd7 22. Rfd1 Rfd8 23. Qh5 Be7 24. Kf1 Rd6 25. R1d2 Bf8 26. Qd1 R8d7 27. Qf3 Qh6
28. Qf5 Qxh2 29. Rh3 g6 30. Qxd7 1-0

[Event "26. Torneo Collado Villalba B"]
[Site "Collado Villalba ESP"]
[Date "2009.08.26"]
[Round "6.3"]
[White "Camarero Izquierdo, Juan C"]
[Black "Morona Minguez, Irene"]
[Result "1-0"]
[WhiteElo "1950"]
[BlackElo "1813"]
[PlyCount "53"]
[EventDate "2009.08.21"]
[EventType "swiss"]
[EventRounds "9"]
[EventCountry "ESP"]
[Source "lmi"]
[SourceDate "2009.08.21"]

1. e4 c5 2. Nf3 e6 3. d4 cxd4 4. Nxd4 Nc6 5. Nxc6 bxc6 6. Bd3 d5 7. O-O Nf6 8.
e5 Nd7 9. Re1 Be7 10. Qg4 g6 11. Bh6 Qb6 12. b3 Bc5 13. Qg3 Ba6 14. Nd2 Bd4 15.
Rad1 Bxd3 16. cxd3 Bc3 17. Qg5 Nc5 18. Qf6 Rg8 19. Be3 Nd7 20. Qh4 d4 21. Nc4
Qb4 22. Nd6+ Kf8 23. Bh6+ Rg7 24. Re4 Qb8 25. Rf4 Nxe5 26. Qf6 Qxd6 27. Bxg7+
1-0

[Event "26. Torneo Collado Villalba B"]
[Site "Collado Villalba ESP"]
[Date "2009.08.26"]
[Round "6.4"]
[White "Tarin Casado, Francisco"]
[Black "Martin Duque, Jesus"]
[Result "1/2-1/2"]
[WhiteElo "1863"]
[BlackElo "1930"]
[PlyCount "118"]
[EventDate "2009.08.21"]
[EventType "swiss"]
[EventRounds "9"]
[EventCountry "ESP"]
[Source "lmi"]
[SourceDate "2009.08.21"]

1. b3 e5 2. Bb2 Nc6 3. e3 Nf6 4. g3 d5 5. Bg2 Bd6 6. Ne2 O-O 7. O-O Re8 8. d3
Bf5 9. Nbc3 Be6 10. a3 a5 11. Qd2 Qd7 12. Rfe1 Ne7 13. f4 Bh3 14. Bh1 h5 15.
Nd1 Ng6 16. Nf2 Be6 17. fxe5 Bxe5 18. Bxe5 Nxe5 19. Nf4 Neg4 20. Nxg4 Bxg4 21.
Qg2 c6 22. h3 Bf5 23. Rad1 Re7 24. e4 dxe4 25. dxe4 Qe8 26. Qe2 g6 27. e5 Nd7
28. Qf2 Rxe5 29. Rxe5 Qxe5 30. Re1 Qc5 31. Qxc5 Nxc5 32. Nxh5 gxh5 33. Re5 Bxc2
34. Rxc5 Bxb3 35. Rxh5 Be6 36. Rg5+ Kf8 37. h4 Ke7 38. Bf3 Kf6 39. Rc5 a4 40.
Kf2 Rd8 41. Ke3 Bf5 42. Be2 Re8+ 43. Kf3 Be4+ 44. Kf2 Bd5 45. Bf3 Rd8 46. Bxd5
Rxd5 47. Rc4 Ra5 48. Kf3 Ra6 49. h5 b5 50. Rc5 b4 51. axb4 a3 52. Rc1 a2 53.
Ra1 Kg5 54. g4 Ra3+ 55. Ke4 Ra4 56. Ke5 Rxb4 57. Rxa2 Rxg4 58. Rh2 Kh6 59. Kf6
c5 1/2-1/2

[Event "26. Torneo Collado Villalba B"]
[Site "Collado Villalba ESP"]
[Date "2009.08.26"]
[Round "6.5"]
[White "Avendano Mateos, Jose"]
[Black "Piriz Fernandez, Daniel"]
[Result "0-1"]
[WhiteElo "1925"]
[BlackElo "1793"]
[PlyCount "98"]
[EventDate "2009.08.21"]
[EventType "swiss"]
[EventRounds "9"]
[EventCountry "ESP"]
[Source "lmi"]
[SourceDate "2009.08.21"]

1. c4 c5 2. Nc3 Nc6 3. e4 e5 4. g3 g6 5. Bg2 d6 6. Nge2 Bg7 7. d3 Nge7 8. Nd5
Be6 9. O-O O-O 10. Rb1 Qd7 11. a3 Nd4 12. Nxd4 cxd4 13. Nxe7+ Qxe7 14. b4 Qd7
15. b5 Bh3 16. a4 Bxg2 17. Kxg2 Rfc8 18. f4 Rf8 19. f5 Qe7 20. h4 Bf6 21. Qg4
h5 22. Qf3 Kg7 23. Kh2 Rh8 24. Rf2 Rae8 25. Bd2 Rhf8 26. Kg2 Rh8 27. Kf1 Ref8
28. Ke2 Qd7 29. Bb4 Qe7 30. Rc1 b6 31. Bd2 Qd8 32. Ra1 Qe7 33. Kd1 Rc8 34. Kc2
d5 35. exd5 e4 36. d6 Qe5 37. Qf4 e3 38. Qxe5 Bxe5 39. Re2 Bxg3 40. Be1 Bxd6
41. fxg6 fxg6 42. a5 Rc7 43. Kb3 Rhc8 44. axb6 axb6 45. Ra6 Rb7 46. Kc2 Bc5 47.
Rg2 Rf8 48. Kd1 Rbf7 49. Rga2 Rf1 0-1